Miasto polskie na P - Statystyki

Ogólne statystyki
  • Ten quiz został rozwiązany 112 razy
    62 od ostatniego zresetowania
  • Średni wynik to 5 z 14
Statystyki odpowiedzi
Odpowiedź % Poprawnych
Poznań
98%
Piła
71%
Płock
58%
Piotrków Trybunalski
49%
Przemyśl
49%
Pabianice
40%
Pruszków
35%
Pisz
24%
Przeworsk
24%
Polkowice
20%
Pszczyna
18%
Pińczów
15%
Pobiedziska
4%
Pyskowice
2%
Nie znaleziono quizów pasujących do podanych kryteriów
Rozkład punktacji
Procent ludzi z każdym wynikiem
Percentyl według liczby udzielonych odpowiedzi
Twoja historia wyników
Nie rozwiązałeś tego quizu od ostatniego zresetowania